000 02455cam a2200277 4500500
005 20251012031721.0
041 _afre
042 _adc
100 1 0 _aBatteux, Nicolas
_eauthor
245 0 0 _ale bundestag face aux aspirations de 1968. De l’efficacité du parlement en temps de crise (1967-1972)
260 _c2025.
500 _a21
520 _aDie 68er-Bewegung trug zur Berücksichtigung der zunehmenden Politisierung der westdeutschen Jugend durch die Parlamentarier bei. Dieser Artikel setzt sich mit der Reaktivität mit Blick auf die im Laufe der Demonstrationen artikulierten Partizipationsforderungen auseinander am Beispiel des Verhältnisses der Parlamentarier zur Jugend und zur Hochschulreform. Obschon die Demonstrationen zur Parlamentarisierung dieser Fragen beitrugen, blieben die Abgeordneten dem parlamentarischen Procedere treu und hielten sich mit einer raschen Verabschiedung von Gesetzen zurück.
520 _aThe events of 1968 contributed to a greater awareness of the growing politicisation of West German youth. This article examines the parliamentary receptiveness to the demands for participation expressed during these demonstrations, focusing on the relation to young people and university reforms. While the demonstrations contributed to the parliamentarisation of these issues, MPs remained mostly loyal to the parliamentary timetable and were reluctant to adopt legislation too rashly.
520 _aLes événements de 1968 ont contribué à une prise en compte plus grande des enjeux de la politisation croissante de la jeunesse ouest-allemande. Cet article interroge la réceptivité du Bundestag aux exigences de participation exprimées au cours de ces manifestations, à l’exemple du rapport à la jeunesse et des réformes de l’Université. Si les manifestations participèrent d’une parlementarisation de ces questions, les députés restèrent globalement fidèles à la temporalité parlementaire et restèrent réticents à une adoption de textes trop précoce.
690 _a1968
690 _aAllemagne fédérale
690 _aresponsivité
690 _aSPD
690 _a1968
690 _aFRG
690 _aresponsiveness
690 _aSPD
786 0 _nParlement[s], Revue d'histoire politique | 42 | 3 | 2025-09-24 | p. 89-107 | 1768-6520
856 4 1 _uhttps://shs.cairn.info/revue-parlements-revue-dhistoire-politique-2025-3-page-89?lang=fr&redirect-ssocas=7080
999 _c1546283
_d1546284